00588nam a2200169 a 450000100060000000300090000600800410001504000280005608200160008410000240010024500220012426000360014630000080018250501690019065000250035965000340038422446CO-ViMGA141112s2004 ck r 000 u spa d aCO-ViMGAbspacCO-ViMGA04a220.6 I137t1 aIafrancesco V, Gino10aEl templo de dios aBogotá : bCristiania, c1998 a375 aEl momento de la edificación de la casa de Dios 9 - - La longitud de la casa de Dios 23 - - La anchura de la casa de Dios 35 - - La altura de la casa de Dios 55 14aHERMENeUTICA BIBLICA14aINTERPRETACIóN DE LA BIBLIA